000 00217nam a22000857a 4500
008 160705b xxu||||| |||| 00| 0 eng d
100 _92218
_a Bagga, Q.L
245 _aSchool Principalship
260 _aNew Delhi
_bArya
_c2005
999 _c1906
_d1906